QUEST Central Library Banner

Machine design (Record no. 11792)

MARC details
000 -LEADER
fixed length control field 00217nam a22001097a 4500
082 ## - DEWEY DECIMAL CLASSIFICATION NUMBER
Classification number 621.815HAL
100 ## - MAIN ENTRY--AUTHOR NAME
Personal name Hall L
245 ## - TITLE STATEMENT
Title Machine design
260 ## - PUBLICATION, DISTRIBUTION, ETC. (IMPRINT)
Place of publication Toyo
Name of publisher McGrawa Hill
Year of publication 1980
300 ## - PHYSICAL DESCRIPTION
Number of Pages 344
942 ## - ADDED ENTRY ELEMENTS (KOHA)
Koha item type Books
Holdings
Withdrawn status Lost status Home library Current library Date acquired Cost, normal purchase price Full call number Accession Number Koha item type
    Central Library, QUEST, Nawabshah Central Library, QUEST, Nawabshah 05/01/2015 175.45 621.815HAL 5818 Books
    Central Library, QUEST, Nawabshah Central Library, QUEST, Nawabshah 05/01/2015 175.45 621.815HAL 5819 Books

Copyright © 2018,The QUEST, Nawabshah, Shaheed Benazirabad. All rights reserved
Mr. G. Farooq Channar (Librarian) QUEST, Nawabshah, Sindh, Pakistan 67480.
 Ph#: |   0244-9370381-4 Ext. 2308   Email| lib@quest.edu.pk   Web|  http://www.quest.edu.pk